A vezetés és a nemek

Bibliográfiai részletek
Szerző: Vitovszky Bernadett
További közreműködők: Réthi Dr. Gábor
Dokumentumtípus: Záródolgozat
Kulcsszavak:Vezetés
Vezetési stílusok
Nemek
Online Access:http://dolgozattar.uni-bge.hu/17395

MARC

LEADER 00000nta a2200000 i 4500
001 dolg17395
005 20180517131612.0
008 180517suuuu hu o 000 hun d
040 |a BGE Dolgozattár Repozitórium  |b hun 
041 |a hu 
100 1 |a Vitovszky Bernadett 
245 1 2 |a A vezetés és a nemek  |c Vitovszky Bernadett  |h [elektronikus dokumentum] 
516 |a Final_paper 
695 |a Vezetés 
695 |a Vezetési stílusok 
695 |a Nemek 
700 1 |a Réthi Dr. Gábor  |e ths 
856 4 0 |u http://dolgozattar.uni-bge.hu/17395/1/VitovszkyBernadett-A%20vezet%C3%A9s%20%C3%A9s%20a%20nemek.pdf  |z Dokumentum-elérés 
856 4 0 |u http://dolgozattar.uni-bge.hu/17395/2/Nyilatkozat-VitovszkyBernadett.jpg  |z Dokumentum-elérés